00566cam a2200181 a 4500003000500000005001700005008004100022010001000063011001000073035001000083040000900093100003000102245010500132260009100237300001900328650002200347650001500369CHAP20220329141857.0980326d1997 mx a r 00110 spa d a75166 a76138 a85715 cCHAP00aRubí Arriaga, Martín.13aEl níspero :bEriobotrya japonica Thunb Lindlc/por Martín Rubí Arriaga y Luis López López aCoatepec Harinas, Méx. :bFundacion Salvador Sánchez Colín CITAMEX, S.C.,c1997. a24 p. :bilus.14aFrutaxIndustria.14aNíspero.